Statistics for K-On! 25 Questions

Click here to take the quiz!

General Stats

  • This quiz has been taken 248 times
  • The average score is 15 of 25

Answer Stats

QuestionAnswer% Correct
Which character was initially going to join the Literature Club?Mio Akiyama
97%
Which character was initially going to join the Choir Club?Tsumugi Kotobuki
96%
What is the name of the first song the band wrote and performed?Fuwa Fuwa Time
84%
What instrument does Ritsu play?Drums
83%
Which band member has a younger brother?Ritsu Tainaka
78%
Which character gets sunburned easily?Azusa Nakano
77%
Which character has always been in the same class as Yui since they first became friends?Nodoka Manabe
76%
What animal is Ton-chan?Pig-nosed Turtle
76%
What role did Yui get in the school production of 'Romeo and Juliet'?Tree G
76%
Who was able to convince Azusa to remain in the club?Mio Akiyama
74%
Yui wrote the song 'U&I' for which character?Ui Hirasawa
74%
Who came up with the melody of 'Tenshi ni Fureta Yo'?Tsumugi Kotobuki
71%
What is the name of Sawako's band?Death Devil
69%
Where do the Light Music Club go for their graduation trip?London
65%
Mugi went on holiday overseas in Season 2 - which country did she go to?Finland
62%
Who owns a cat named Azu-nyan 2?Jun Suzuki
61%
Where did the seniors go for their class trip?Kyoto
51%
When Ritsu attends the club presidents meeting, what does she put in a request for?Air Conditioner
45%
Which song did the band play for the Mio Akiyama Fan Club?Pure Pure Heart
35%
What is the name of Maki's band?Love Crysis
34%
Where do the volleyball club say they're going for a graduation trip?Hawaii
33%
Who was the president of the Student Council before Nodoka?Megumi Sokabe
31%
What is the name of the school?Sakuragaoka High School
30%
Who directed K-On!?Naoko Yamada
25%
Who asks the Light Music Club for help in convincing Sawako to perform alongside Death Devil?Norimi Kawaguchi
16%

Score Distribution

Percentile by Number Answered

Percent of People with Each Score

Your Score History

You have not taken this quiz